00560nam a2200145 a 450000100100000000500170001000800410002702000180006804000250008610000280011124501370013926000440027630000360032050000580035600003681120200930075942.0120201d2011 dr ac 000 0 spa d a9789945164572 aDO-SdBNPbspacBNPHU1 aVidal Jovine, Margarita13aLa cofradía a Radhamées Trujillo y a Micky Azar que ya no están con nosotros /cMargarita Vidal Jovine: prólogo Fredy Reyes. aSanto Domingo :bEditora Búho,c2011. a119 p. :bil., retrs. ;c22 cm. aIncluye datos biográficos de la autora en la solapa